| 000 | 00888nam a22002897a 4500 | ||
|---|---|---|---|
| 001 | 9839 | ||
| 003 | FISKH | ||
| 005 | 20260304104418.0 | ||
| 008 | 260304b cb ||||| |||| 00| 0 eng d | ||
| 020 | _a030099195554 | ||
| 040 |
_aFISKH _beng _cFISKH _dFISKH |
||
| 050 | _aQE862 .D5 .T42 | ||
| 082 | _a567.9 | ||
| 100 | _aTeitelbaum , Michael | ||
| 245 |
_aDinosaurs and prehistoric creatures / _cby Michael Teitelbaum |
||
| 260 |
_aNew York : _bModern Publishing , _c1993. |
||
| 300 |
_a22 pages : _bcolor illustrations ; _c20 cm . |
||
| 505 | _aK | ||
| 520 | _aOver a dozen dinosaurs are described with scientifically accurate facts. | ||
| 521 | 8 |
_a510
_bLexile estimate |
|
| 521 | 8 |
_aK
_bRaz-Plus |
|
| 650 |
_aPrehistoric life _vNon-fiction |
||
| 650 |
_aAnimals _vNon-fiction |
||
| 650 |
_aDinosaurs _vNon-fiction |
||
| 942 |
_2ddc _cBK _n0 |
||
| 999 |
_c9839 _d9839 |
||